Statistics for State Capitals Closest to Sacramento

Click here to take the quiz!

General Stats

  • This quiz has been taken 50 times
  • The average score is 9 of 10

Answer Stats

DistancesState Capital% Correct
532.6Salt Lake City
97%
444Boise
94%
633Phoenix
94%
101.4Carson City
91%
886.9Denver
91%
446.6Salem
91%
878.7Santa Fe
88%
772.8Helena
85%
900.4Cheyenne
82%
588.8Olympia
82%

Score Distribution

Percentile by Number Answered

Percent of People with Each Score

Your Score History

You have not taken this quiz